MARC

LEADER 00000nam0a2200000 4500
001 355925
005 20231102010838.0
035 |a (RuTPU)RU\TPU\retro\13185 
090 |a 355925 
100 |a 20200714d m y0rusy50 ca 
101 0 |a rus 
102 |a RU 
105 |a a z 001zy 
200 1 |a Работа научно-технических учреждений республики  |e 1918-1919  |f РСФСР, Высший совет народного хозяйства (ВСНХ) ; сост. М. Я. Лапиров-Скобло 
210 |a Москва  |c 11-я Государственная типография  |d 1919 
215 |a 268 с.  |c ил.  |e Прилож. 2 вкл. л. 
606 1 |a Научные учреждения  |y СССР  |y Россия  |2 stltpush  |3 (RuTPU)RU\TPU\subj\45179  |9 64440 
610 1 |a РСФСР 
610 1 |a наука 
610 1 |a техника 
610 1 |a научно-технические организации 
610 1 |a научные институты 
610 1 |a научные лаборатории 
610 1 |a организация работы 
610 1 |a личный состав 
610 1 |a история 
610 1 |a 20 век 
686 |a Ч214(2)7  |v LBC/SL-A  |2 rubbk 
702 1 |a Лапиров-Скобло  |b М. Я.  |4 220 
712 0 1 |a РСФСР  |b Высший совет народного хозяйства (ВСНХ)  |c (1917-1932)  |2 stltpush  |3 (RuTPU)RU\TPU\col\20074 
801 1 |a RU  |b 63413507  |c 20200714 
801 2 |a RU  |b 63413507  |c 20200914  |g RCR 
942 |c BK